[Event "RLEV #5b"]
[Site "SchemingMind.com"]
[Date "2010.04.01"]
[Round "-"]
[White "Roger Martindale"]
[Black "jtrochez1"]
[Result "1/2-1/2"]
[WhiteCountry "USA"]
[BlackCountry "HON"]
[WhiteElo "1447"]
[WhiteRD "95"]
[BlackElo "1535"]
[BlackRD "54"]
[GameID "243865"]

1. e4 e5 2. Nf3 Nc6 3. Bb5 a6 4. Bxc6 dxc6 5. h3 Bd6 6. d3 Nf6 7. Nc3 h6 8. a3 O-O 9. Be3 b5 10. b4 Kh7
11. Ke2 Ng8 12. g4 Ne7 13. Qg1 f6 14. h4 Qd7 15. h5 Qe8 16. d4 Qd7 17. Rd1 Qxg4 18. Qxg4 Bxg4 19. Rdg1 Bxf3+ 20. Kxf3 a5
21. bxa5 Rxa5 22. Bc1 Bxa3 23. Ke2 Bxc1 24. Rxc1 exd4 25. Nd1 c5 26. c3 Ra2+ 27. Kf3 d3 28. Ne3 c4 29. Ra1 Ra4 30. Rhb1 c6
31. Rxa4 bxa4 32. Nxc4 f5 33. Rb7 fxe4+ 34. Kxe4 Nd5 35. Kxd3 Nf4+ 36. Ke3 Nxh5 37. Ra7 Re8+ 38. Kd4 Nf4 39. Rxa4 Ne2+ 40. Kc5 Nxc3
41. Ra6 Ne4+ 42. Kxc6 Nxf2 43. Kd7 Re1 44. Nd6 Rd1 45. Ke6 Ng4 46. Kf5 Nf6 47. Nf7 Rf1+ 48. Ke6 Nd5 49. Ra7 Nf4+ 50. Ke5 Ng6+
51. Kd4 h5 52. Ng5+ Kh6 53. Ne6 Rd1+ 54. Kc3 Re1 55. Nxg7 h4 56. Nf5+ Kg5 57. Nd4 Rf1 58. Ra5+ Kg4 59. Ra2 Nf4 60. Ra8 Rc1+
61. Kd2 Rc5 62. Rg8+ Rg5 63. Rxg5+ Kxg5 64. Nf3+ Kg4 65. Nxh4 Kxh4
1/2-1/2

[Event "RLEV #5b"]
[Site "SchemingMind.com"]
[Date "2010.04.08"]
[Round "-"]
[White "chesspool"]
[Black "cnbcad"]
[Result "1-0"]
[WhiteCountry "USA"]
[BlackCountry "USA"]
[WhiteElo "1630"]
[WhiteRD "67"]
[BlackElo "1477"]
[BlackRD "59"]
[GameID "244250"]

1. e4 e5 2. Nf3 Nc6 3. Bb5 a6 4. Bxc6 dxc6 5. O-O Bg4 6. h3 Bxf3 7. Qxf3 Qf6 8. Qxf6 gxf6 9. d3 O-O-O 10. Nd2 h5
11. Nb3 Nh6 12. Be3 f5 13. Bg5 Rd6 14. Nd2 f4 15. Nc4 Rg6 16. Bxh6 Bxh6 17. Nxe5 Rg7 18. f3 f6 19. Nc4 Rg3 20. Rf2 Rhg8
21. Re1 Re8 22. d4 h4 23. Rd2 f5 24. e5 Rgg8 25. a3 Rd8 26. c3 Bf8 27. b4 b5 28. Na5 Kb8 29. Nxc6+ Kc8 30. Nxd8 Kxd8
31. Ra2 Kd7 32. a4 c6 33. axb5 cxb5 34. Rxa6 Kc7 35. Rf6 Kd7 36. Rxf5 Ke6 37. Rxf4 Be7 38. Rd1 Bg5 39. Re4 Kd5 40. e6 Be7
41. Re5+ Kc4 42. f4 Kxc3 43. Rxb5 Bxb4 44. d5
1-0

[Event "RLEV #5b"]
[Site "SchemingMind.com"]
[Date "2010.04.05"]
[Round "-"]
[White "chesspool"]
[Black "jtrochez1"]
[Result "0-1"]
[WhiteCountry "USA"]
[BlackCountry "HON"]
[WhiteElo "1660"]
[WhiteRD "68"]
[BlackElo "1603"]
[BlackRD "47"]
[GameID "244251"]

1. e4 e5 2. Nf3 Nc6 3. Bb5 a6 4. Bxc6 dxc6 5. O-O Bd6 6. d4 exd4 7. Nxd4 c5 8. Nf3 f6 9. Qd5 Ne7 10. Qh5+ g6
11. Qh6 Kf7 12. Re1 Ng8 13. Qd2 Qf8 14. Nc3 c6 15. e5 fxe5 16. Nxe5+ Bxe5 17. Rxe5 Nf6 18. Qe2 Kg8 19. Bg5 Bf5 20. Bxf6 Qxf6
21. Rxc5 Kg7 22. Ne4 Bxe4 23. Qxe4 Rhe8 24. Qd3 Rf8 25. f3 Qxb2 26. Qd7+ Rf7 27. Qd1 Qb6 28. Qd4+ Kg8 29. Kf1 Rd8 30. Qc4 Kf8
31. a3 Qb2 32. Ra2 Qb1+ 33. Kf2 Rd2+ 34. Kg3 Qg1
0-1

[Event "RLEV #5b"]
[Site "SchemingMind.com"]
[Date "2010.04.07"]
[Round "-"]
[White "chesspool"]
[Black "wom_bat"]
[Result "0-1"]
[WhiteCountry "USA"]
[BlackCountry "GER"]
[WhiteElo "1660"]
[WhiteRD "68"]
[BlackElo "1672"]
[BlackRD "91"]
[GameID "244252"]

1. e4 e5 2. Nf3 Nc6 3. Bb5 a6 4. Bxc6 bxc6 5. O-O d6 6. d4 Nf6 7. Nc3 exd4 8. Nxd4 Bb7 9. Qf3 Be7 10. Bg5 O-O
11. Rfe1 h6 12. Be3 c5 13. Nde2 Re8 14. Ng3 Qd7 15. Rad1 Rad8 16. Nf5 Bf8 17. Bf4 g5 18. Qg3 Nh5 19. Nxh6+ Bxh6
0-1

[Event "RLEV #5b"]
[Site "SchemingMind.com"]
[Date "2010.04.04"]
[Round "-"]
[White "chesspool"]
[Black "cnile"]
[Result "1/2-1/2"]
[WhiteCountry "USA"]
[BlackCountry "SCO"]
[WhiteElo "1652"]
[WhiteRD "68"]
[BlackElo "1482"]
[BlackRD "64"]
[GameID "244253"]

1. e4 e5 2. Nf3 Nc6 3. Bb5 a6 4. Bxc6 dxc6 5. Nxe5 Qd4 6. Nf3 Qxe4+ 7. Qe2 Qxe2+ 8. Kxe2 Bg4 9. Re1 O-O-O 10. d3 Be7
11. Nc3 Nf6 12. Kf1 Rhe8 13. Ne5 Bh5 14. Bf4 Bb4 15. Bg5 Rd6 16. Nc4 Rde6 17. Rxe6 Rxe6 18. Bxf6 gxf6 19. Ne4 f5 20. Ng5 Rh6
21. c3 Be7 22. Nh3 Bd6 23. Nxd6+ cxd6 24. Re1 Kd7 25. Nf4 Bg6 26. Nxg6 fxg6 27. h3 g5 28. d4 Re6 29. Rxe6 Kxe6 30. g3 Kd5
31. Ke2 Ke4 32. f3+ Kd5 33. Kd3 h5 34. b3 b5 35. g4 hxg4 36. hxg4 Ke6 37. Ke3=
1/2-1/2

[Event "RLEV #5b"]
[Site "SchemingMind.com"]
[Date "2010.04.08"]
[Round "-"]
[White "chesspool"]
[Black "echecs"]
[Result "0-1"]
[WhiteCountry "USA"]
[BlackCountry "ENG"]
[WhiteElo "1660"]
[WhiteRD "68"]
[BlackElo "1838"]
[BlackRD "59"]
[GameID "244254"]

1. e4 e5 2. Nf3 Nc6 3. Bb5 a6 4. Bxc6 dxc6 5. O-O Bg4 6. h3 Bh5 7. d4 exd4 8. Qxd4 Bxf3 9. Qxd8+ Rxd8 10. gxf3 Nf6
11. Nd2 Be7 12. Nc4 O-O 13. Na5 Rb8 14. Bf4 Rfc8 15. Nc4 b5 16. Ne5 Rb6 17. Be3 c5 18. Rfd1 Re6 19. Nd7 c4 20. Nxf6+ Bxf6
21. c3 Be5 22. f4 Bd6 23. e5 Be7 24. Kh1 Bh4 25. Rg1 c6 26. Rg4 Be7 27. Rag1 g6 28. Bd4 c5 29. Be3 h5 30. R4g2 Kh7
31. f5 Rxe5 32. fxg6+ fxg6 33. Rxg6 Rd8 34. Rg7+ Kh8 35. Bf4 Re4 36. Bc7 Re8 37. Rf7 Rg8 38. Rxg8+ Kxg8 39. Rf5 h4 40. f3 Re1+
41. Kg2 Re2+
0-1

[Event "RLEV #5b"]
[Site "SchemingMind.com"]
[Date "2010.04.08"]
[Round "-"]
[White "chesspool"]
[Black "Shanks"]
[Result "1-0"]
[WhiteCountry "USA"]
[BlackCountry "ENG"]
[WhiteElo "1625"]
[WhiteRD "61"]
[BlackElo "1319"]
[BlackRD "77"]
[GameID "244255"]

1. e4 e5 2. Nf3 Nc6 3. Bb5 a6 4. Bxc6 bxc6 5. O-O d6 6. d4 exd4 7. Nxd4 c5 8. Nf3 Bb7 9. Nc3 Ne7 10. Rb1 g6
11. Bg5 Bg7 12. Qd2 Qd7 13. Rfe1 h6 14. Bxe7 Qxe7 15. Nd5 Qd8 16. e5 dxe5 17. Nxe5 Bxd5 18. Nc6+ Kf8 19. Nxd8 Rxd8 20. Qe3 c4
21. Qc5+ Kg8 22. Qxc7 Kh7 23. c3 Rhf8 24. Rbd1 h5 25. Qa5 Be6 26. Rxd8 Rxd8 27. Qxd8 h4 28. Qxh4+ Kg8 29. Qd8+ Bf8 30. Qa8 Kg7
31. Qxa6 g5 32. h3 g4 33. h4 Kf6 34. Re4 Kf5 35. Rd4 Bg7 36. Qb5+ Kf6 37. Rxc4 Bxc4 38. Qxc4 Bh6 39. Qxg4 Bg7 40. Qg5+ Ke6
41. Qxg7 Ke7 42. h5 Ke6 43. h6
1-0

[Event "RLEV #5b"]
[Site "SchemingMind.com"]
[Date "2010.04.05"]
[Round "-"]
[White "chesspool"]
[Black "Kobiahshi"]
[Result "1-0"]
[WhiteCountry "USA"]
[BlackCountry "USA"]
[WhiteElo "1729"]
[WhiteRD "69"]
[BlackElo "1602"]
[BlackRD "65"]
[GameID "244256"]

1. e4 e5 2. Nf3 Nc6 3. Bb5 a6 4. Bxc6 dxc6 5. O-O Bg4 6. h3 h5 7. d3 Qf6 8. Nbd2 Ne7 9. Re1 Ng6 10. d4 Nf4
11. dxe5 Qg6 12. hxg4 Qxg4 13. g3 h4 14. Nd4 Nh3+ 15. Kg2 Nf4+ 16. Kg1 Qh3 17. gxf4 Qd7 18. Nf1 g6 19. Nh2 Bb4 20. c3 Bc5
21. Ng4 O-O-O 22. Be3 h3 23. Nf6 h2+ 24. Kh1 Qe7 25. Qg4+ Kb8 26. Nf3 Ba7 27. Rad1 Rc8 28. Qd7 Qf8 29. Ng5 Qh6 30. Nxf7 Qf8
31. Nxh8 Qxh8 32. Qh7 Qf8 33. Nd7+
1-0

[Event "RLEV #5b"]
[Site "SchemingMind.com"]
[Date "2010.04.06"]
[Round "-"]
[White "chesspool"]
[Black "Roger Martindale"]
[Result "1-0"]
[WhiteCountry "USA"]
[BlackCountry "USA"]
[WhiteElo "1781"]
[WhiteRD "86"]
[BlackElo "1448"]
[BlackRD "86"]
[GameID "244257"]

1. e4 e5 2. Nf3 Nc6 3. Bb5 a6 4. Bxc6 bxc6 5. O-O d6 6. d4 h6 7. dxe5 d5 8. Nc3 Bc5 9. exd5 Bb7 10. Ne4 Bb6
11. d6 c5 12. Qe2 cxd6 13. Nxd6+ Kf8 14. Nxb7 Qd7 15. Nd6 Ne7 16. Rd1 g6 17. Nxf7 Qb5 18. Qxb5
1-0

[Event "RLEV #5b"]
[Site "SchemingMind.com"]
[Date "2010.04.08"]
[Round "-"]
[White "cnbcad"]
[Black "chesspool"]
[Result "1-0"]
[WhiteCountry "USA"]
[BlackCountry "USA"]
[WhiteElo "1762"]
[WhiteRD "60"]
[BlackElo "1660"]
[BlackRD "68"]
[GameID "244259"]

1. e4 e5 2. Nf3 Nc6 3. Bb5 a6 4. Bxc6 dxc6 5. O-O f6 6. d4 exd4 7. Qxd4 Qxd4 8. Nxd4 Bc5 9. Be3 Ne7 10. Nxc6 Bxe3
11. Nxe7 Bd4 12. c3 Bxc3 13. Nxc3 Kxe7 14. Nd5+ Kd6 15. Rad1 Kc6 16. Rc1+ Kd6 17. Rfd1
1-0

[Event "RLEV #5b"]
[Site "SchemingMind.com"]
[Date "2010.04.04"]
[Round "-"]
[White "jtrochez1"]
[Black "chesspool"]
[Result "1-0"]
[WhiteCountry "HON"]
[BlackCountry "USA"]
[WhiteElo "1603"]
[WhiteRD "47"]
[BlackElo "1660"]
[BlackRD "68"]
[GameID "244260"]

1. e4 e5 2. Nf3 Nc6 3. Bb5 a6 4. Bxc6 dxc6 5. d4 exd4 6. Qxd4 Qxd4 7. Nxd4 Bd7 8. Be3 O-O-O 9. Nd2 Bc5 10. c3 Nf6
11. f3 Kb8 12. b4 Bxd4 13. cxd4 h6 14. a4 g5 15. Nb3 g4 16. O-O-O h5 17. Bg5 Nh7 18. Bxd8 Rxd8 19. Nc5 Ng5 20. Nxd7+ Rxd7
21. Rd3 gxf3 22. gxf3 Nh3 23. Rd2 Nf4 24. h4 Ne6 25. Rhd1 c5 26. dxc5 Rxd2 27. Rxd2 c6 28. Rd7 f6 29. Rf7
1-0

[Event "RLEV #5b"]
[Site "SchemingMind.com"]
[Date "2010.04.06"]
[Round "-"]
[White "wom_bat"]
[Black "chesspool"]
[Result "1/2-1/2"]
[WhiteCountry "GER"]
[BlackCountry "USA"]
[WhiteElo "1672"]
[WhiteRD "91"]
[BlackElo "1660"]
[BlackRD "68"]
[GameID "244261"]

1. e4 e5 2. Nf3 Nc6 3. Bb5 a6 4. Bxc6 dxc6 5. O-O f6 6. Nc3 Bc5 7. d3 Ne7 8. a3 O-O 9. b4 Ba7 10. Bb2 Be6
11. Na4 b5 12. Nc5 Bxc5 13. bxc5 a5 14. d4 exd4 15. Nxd4 Bc4 16. Re1 a4 17. Nf5 Nxf5 18. exf5 Qxd1 19. Raxd1 Rae8 20. Bc3 Rxe1+
21. Rxe1 Rd8 22. g4 Rd5 23. Re7 Rxc5 24. g5 Rxf5 25. h4 Rf3 26. Bb2 Rf4 27. Rxc7 h5 28. gxh6 Rg4+ 29. Kh2 Rxh4+ 30. Kg3 Rxh6
31. Rxc6 Kf7 32. Bc3 Rh1 33. Bd4 Rd1 34. c3 Ra1 35. Bc5 Kg6=
1/2-1/2

[Event "RLEV #5b"]
[Site "SchemingMind.com"]
[Date "2010.04.08"]
[Round "-"]
[White "cnile"]
[Black "chesspool"]
[Result "0-1"]
[WhiteCountry "SCO"]
[BlackCountry "USA"]
[WhiteElo "1492"]
[WhiteRD "70"]
[BlackElo "1660"]
[BlackRD "68"]
[GameID "244262"]

1. e4 e5 2. Nf3 Nc6 3. Bb5 a6 4. Bxc6 dxc6 5. O-O f6 6. d4 exd4 7. Nxd4 c5 8. Nf3 Qxd1 9. Rxd1 Bg4 10. Be3 Bd6
11. Nc3 O-O-O 12. Rd2 Ne7 13. Nh4 Be5 14. f3 Rxd2 15. Bxd2 Rd8 16. Be1 Be6 17. Bf2 g5 18. Nf5 Bxf5 19. exf5 Nxf5 20. Bxc5 Rd2
21. Ne4 Rxc2 22. b4 Bxa1
0-1

[Event "RLEV #5b"]
[Site "SchemingMind.com"]
[Date "2010.04.07"]
[Round "-"]
[White "echecs"]
[Black "chesspool"]
[Result "1-0"]
[WhiteCountry "ENG"]
[BlackCountry "USA"]
[WhiteElo "1838"]
[WhiteRD "59"]
[BlackElo "1660"]
[BlackRD "68"]
[GameID "244263"]

1. e4 e5 2. Nf3 Nc6 3. Bb5 a6 4. Bxc6 dxc6 5. O-O f6 6. d4 exd4 7. Nxd4 c5 8. Nb3 b5 9. Qxd8+ Kxd8 10. Nc3 c4
11. Nd4 Bd6 12. a3 Ne7 13. Be3 Bd7 14. Rad1 Ke8 15. Rfe1 Nc6 16. Nf5 Bxf5 17. exf5 Kf7 18. Nd5 Rhe8 19. Rf1 Ne7 20. Nxe7 Rxe7
21. g4 Re4 22. h3 h5 23. Rd4 Rxd4 24. Bxd4 hxg4 25. hxg4 c5 26. Be3 Rh8 27. Rd1 Bh2+ 28. Kg2 Be5 29. Bxc5 Bxb2 30. Rd7+ Ke8
31. Rxg7 a5 32. Re7+
1-0

[Event "RLEV #5b"]
[Site "SchemingMind.com"]
[Date "2010.04.04"]
[Round "-"]
[White "Shanks"]
[Black "chesspool"]
[Result "0-1"]
[WhiteCountry "ENG"]
[BlackCountry "USA"]
[WhiteElo "1319"]
[WhiteRD "77"]
[BlackElo "1625"]
[BlackRD "61"]
[GameID "244264"]

1. e4 e5 2. Nf3 Nc6 3. Bb5 a6 4. Bxc6 dxc6 5. O-O f6 6. c3 Bc5 7. d3 Bg4 8. Qc2 Bxf3 9. gxf3 Qd6 10. Nd2 Ne7
11. Nc4 Qe6 12. Kh1 O-O 13. Rg1 Qh3 14. Rg3 Qf1+ 15. Rg1 Qxf2 16. Qxf2 Bxf2 17. Rg2 Ba7 18. Nd2 Ng6 19. Nf1 Rad8 20. Rd2 Nf4
21. Ne3 Bxe3 22. Rc2 Bxc1 23. Raxc1 Nxd3 24. Rb1 Nc5 25. b4 Nd3 26. Kg2 Nf4+ 27. Kg3 Kf7 28. a4 Ke6 29. b5 cxb5 30. axb5 axb5
31. Rxb5 Rd1 32. Rxb7 Kd6 33. Rbb2 Rg1+ 34. Kf2 Rg2+ 35. Ke3 Rxc2 36. Rxc2 Ra8 37. Kd2 Kc5 38. h4 Rd8+ 39. Kc1 Rd3 40. Kb2 Rxf3
41. c4 Re3 42. Kc1 Rxe4 43. Kb1 Rxc4 44. Rxc4+ Kxc4 45. Kc2 Ng2 46. h5 Nf4 47. Kd2 Nxh5 48. Ke3 g6 49. Kf3 Kd4 50. Ke2 c5
51. Kf3 c4 52. Kg4 c3
0-1

[Event "RLEV #5b"]
[Site "SchemingMind.com"]
[Date "2010.04.04"]
[Round "-"]
[White "Kobiahshi"]
[Black "chesspool"]
[Result "1-0"]
[WhiteCountry "USA"]
[BlackCountry "USA"]
[WhiteElo "1636"]
[WhiteRD "68"]
[BlackElo "1660"]
[BlackRD "68"]
[GameID "244265"]

1. e4 e5 2. Nf3 Nc6 3. Bb5 a6 4. Bxc6 dxc6 5. O-O f6 6. d4 exd4 7. Nxd4 c5 8. Nb3 Qxd1 9. Rxd1 Bg4 10. f3 Be6
11. Bf4 c6 12. N1d2 c4 13. Nd4 Bc5 14. c3 Rd8 15. Be3 Ne7 16. Kf2 O-O 17. Nxe6
1-0

[Event "RLEV #5b"]
[Site "SchemingMind.com"]
[Date "2010.04.06"]
[Round "-"]
[White "Roger Martindale"]
[Black "chesspool"]
[Result "0-1"]
[WhiteCountry "USA"]
[BlackCountry "USA"]
[WhiteElo "1419"]
[WhiteRD "87"]
[BlackElo "1660"]
[BlackRD "68"]
[GameID "244266"]

1. e4 e5 2. Nf3 Nc6 3. Bb5 a6 4. Bxc6 dxc6 5. a3 f6 6. h3 Bc5 7. c4 Qd3 8. Qe2 Qxe2+ 9. Kxe2 Ne7 10. Nc3 b5
11. d3 bxc4 12. dxc4 Be6 13. b3 Rb8 14. Rb1 Rxb3 15. Rxb3 Bxc4+ 16. Ke1 Bxb3 17. Nd2 Bf7 18. Kf1 O-O 19. g3 Bd4 20. Bb2 Rb8
21. Ba1 Nc8 22. Kg2 Nb6 23. Nf3 Nc4 24. Nxd4 exd4 25. Na4 Nxa3 26. Bxd4 Rb4 27. Rd1 Bb3 28. Bc5 Bxd1 29. Nc3 Rc4 30. Bxa3 Rxc3
31. Bb2 Rc4 32. e5 fxe5 33. Bxe5 a5
0-1